| Tag |
First Indicator |
Second Indicator |
Subfields |
| LEADER |
00000cas a2200000 4500 |
| 001 |
in00001045310 |
| 005 |
20150929091647.0 |
| 008 |
791206c19uu9999txuar s0uuua0eng d |
| 035 |
|
|
|a (OCoLC)05766991
|
| 035 |
|
|
|9 AFL7526AM
|
| 040 |
|
|
|a IKM
|c IKM
|d UtOrBLW
|
| 043 |
|
|
|a n-us-tx
|
| 049 |
|
|
|a IKMd
|
| 099 |
|
|
|a A2800
|a P569
|
| 110 |
1 |
|
|a Texas.
|b State Auditor's Department.
|
| 245 |
1 |
0 |
|a Audit report: Texas State Board of Physical Therapy Examiners.
|
| 264 |
|
1 |
|a Austin :
|b Office of the State Auditor.
|
| 300 |
|
|
|c 28 cm.
|
| 336 |
|
|
|a text
|b txt
|2 rdacontent
|
| 337 |
|
|
|a unmediated
|b n
|2 rdamedia
|
| 338 |
|
|
|a volume
|b nc
|2 rdacarrier
|
| 610 |
2 |
0 |
|a Texas State Board of Physical Therapy Examiners
|x Appropriations and expenditures.
|
| 999 |
|
|
|a MARS
|
| 999 |
f |
f |
|s 54b99a4e-b52c-3eb3-a65e-3519125db99c
|i 2e27a91a-68bc-3481-8dde-4eca4c188538
|t 0
|
| 952 |
f |
f |
|p normal
|a Texas A&M University
|b College Station
|c Sterling C. Evans Library
|d Evans: Texas Documents (Annex 5th floor)
|t 0
|e A2800 P569
|h Superintendent of Documents classification
|i unmediated -- volume
|l 1973-1974
|m A14820064568
|
| 952 |
f |
f |
|p normal
|a Texas A&M University
|b College Station
|c Sterling C. Evans Library
|d Evans: Texas Documents (Annex 5th floor)
|t 0
|e A2800 P569
|h Superintendent of Documents classification
|i unmediated -- volume
|l 1978-1979
|m A14820064550
|
| 998 |
f |
f |
|a A2800 P569
|t 0
|l Evans: Texas Documents (Annex 5th floor)
|